20 melhores seleções fora da Copa do Mundo FIFA 2026 - Statistics

Estatísticas Gerais
  • Esse quiz foi jogado 91 vezes
  • A pontuação média é 14 de 20
Estatísticas das Respostas
Ranking Fifa Confederação Seleção % Correto
12 UEFA Itália
99%
54 CONMEOL Chile
87%
53 CONMEBOL Peru
87%
49 CONMEBOL Venezuela
84%
20 UEFA Dinamarca
78%
36 UEFA* Rússia
78%
32 UEFA Ucrânia
76%
26 CAF Nigéria
73%
35 UEFA Polônia
73%
39 UEFA Sérvia
71%
51 CONCACAF Costa Rica
70%
47 UEFA Grécia
70%
59 UEFA Irlanda
70%
48 UEFA Eslováquia
66%
58 UEFA Eslovênia
66%
42 UEFA Húngria
66%
45 CAF Camarões
65%
37 UEFA País de Gales
64%
56 UEFA Romênia
64%
52 CAF Mali
34%
Nenhum quiz correspondente encontrado
Distribuição das Pontuações
Porcentagem de Pessoas com Cada Pontuação
Percentil de Números Respondidos
Sua Pontuação Histórica
Você não jogou esse quiz